THE HARDY BOYS - MUDER AT THE MALL (Record no. 7810)
[ view plain ]
| 000 -LEADER | |
|---|---|
| fixed length control field | 00655nam a22001457a 4500 |
| 020 ## - INTERNATIONAL STANDARD BOOK NUMBER | |
| ISBN | 978-1-4169-3930-6 |
| 082 ## - DEWEY DECIMAL CLASSIFICATION NUMBER | |
| Classification number | 823 |
| Item number | DIX/H |
| 100 ## - MAIN ENTRY--AUTHOR NAME | |
| Personal name | DIXON, FRANKLIN W |
| 245 ## - TITLE STATEMENT | |
| Title | THE HARDY BOYS - MUDER AT THE MALL |
| 260 ## - PUBLICATION, DISTRIBUTION, ETC. (IMPRINT) | |
| Place of publication | NEW YORK |
| Name of publisher | ALADDIN PAPERBACKS |
| Year of publication | 2007 |
| 300 ## - PHYSICAL DESCRIPTION | |
| Number of Pages | 170 |
| 520 ## - SUMMARY, ETC. | |
| Summary, etc | Atac Briefing For Agents Frank And Joe Hardy MISSION: Investigate threats sent by an extremist environmental group -- STEMM -- to the owner of the local mall. These fanatics may resort to drastic measures to protect nearby wetlands. That is, if members of STEMM are really the ones behind the threats.... |
| 650 ## - SUBJECT ADDED ENTRY--TOPICAL TERM | |
| Topical Term | MYSTERY STORY |
| Geographic subdivision | UNITED STATES |
| 942 ## - ADDED ENTRY ELEMENTS (KOHA) | |
| Koha item type | Books |
| Withdrawn status | Lost status | Collection code | Home library | Current library | Shelving location | Date acquired | Source of acquisition | Cost, normal purchase price | Full call number | Accession Number | Koha item type |
|---|---|---|---|---|---|---|---|---|---|---|---|
| Fiction | Main Library | Main Library | NEW SHELF WITH NEW ENTRY | 20/11/2023 | purchase | 250.00 | 823 DIX/H | 13397 | Books |